|
|
|
|
| LEADER |
00000nam0a2200000 4500 |
| 001 |
194317 |
| 005 |
20231031182318.0 |
| 035 |
|
|
|a (RuTPU)RU\TPU\book\211937
|
| 090 |
|
|
|a 194317
|
| 100 |
|
|
|a 20110412d1972 m y0rusy50 ca
|
| 101 |
0 |
|
|a rus
|
| 102 |
|
|
|a RU
|
| 105 |
|
|
|a a gj 001zy
|
| 200 |
1 |
|
|a Прокатка на обжимных и заготовочных станах
|e справочное руководство
|e учебное пособие
|f И. П. Шулаев
|
| 205 |
|
|
|a 2-е изд., испр. и доп.
|
| 210 |
|
|
|a Москва
|c Металлургия
|d 1972
|
| 215 |
|
|
|a 256 с.
|c ил.
|
| 320 |
|
|
|a Библиогр.: с. 254-256.
|
| 610 |
1 |
|
|a металлургические предприятия
|
| 610 |
1 |
|
|a обжимные станы
|
| 610 |
1 |
|
|a обжимные прокатные станы
|
| 610 |
1 |
|
|a исходные материалы
|
| 610 |
1 |
|
|a слитки
|
| 610 |
1 |
|
|a прокатка
|
| 610 |
1 |
|
|a нагрев
|
| 610 |
1 |
|
|a технологический процесс
|
| 610 |
1 |
|
|a блюмы
|
| 610 |
1 |
|
|a слябы
|
| 610 |
1 |
|
|a заготовки
|
| 610 |
1 |
|
|a дефекты
|
| 610 |
1 |
|
|a техника безопасности
|
| 610 |
1 |
|
|a технико-экономические показатели
|
| 610 |
1 |
|
|a себестоимость
|
| 610 |
1 |
|
|a калибровка
|
| 610 |
1 |
|
|a учебные пособия
|
| 675 |
|
|
|a 621.771.22(07)
|v 3
|
| 700 |
|
1 |
|a Шулаев
|b И. П.
|g Иван Петрович
|
| 801 |
|
1 |
|a RU
|b 63413507
|c 20110412
|
| 801 |
|
2 |
|a RU
|b 63413507
|c 20111114
|g RCR
|
| 942 |
|
|
|c BK
|